Problems in modern English fiction (Record no. 141268)

MARC details
000 -LEADER
fixed length control field 00362nam a2200145Ia 4500
008 - FIXED-LENGTH DATA ELEMENTS--GENERAL INFORMATION
fixed length control field 230917s9999||||xx |||||||||||||| ||und||
040 ## - CATALOGING SOURCE
-- 148274
Original cataloging agency VIVEKANANDA LIBRARY
041 ## - Language
-- English
082 ## - DDC NUMBER
Classification number 823.09 C392P
100 ## - MAIN ENTRY--PERSONAL NAME
Personal name Chatterjee, S
245 #0 - TITLE STATEMENT
Title Problems in modern English fiction
260 ## - PUBLICATION, DISTRIBUTION, ETC. (IMPRINT)
Place of publication, distribution, etc Calcutta
Name of publisher, distributor, etc Book Land Ltd.
Date of publication, distribution, etc 1965
300 ## - PHYSICAL DESCRIPTION
Pages 356 p.
942 ## - ADDED ENTRY ELEMENTS (KOHA)
Koha item type Books
Holdings
Withdrawn status Lost status Damaged status Not for loan Location (home branch) Sublocation or collection (holding branch) Date acquired Koha issues (times borrowed) Koha full call number Accession No. Koha date last seen Koha item type
        VIVEKANANDA LIBRARY VIVEKANANDA LIBRARY 23/03/2010   823.09 C392P 2466 17/09/2023 Books
© Designed and Maintained by Vivekananda Library, MDU Rohtak